| 000 | 00481nam a22001697a 4500 | ||
|---|---|---|---|
| 003 | BD-DhUL | ||
| 005 | 20210107102441.0 | ||
| 008 | 180520s1933 xx ||||| |||| 00| 0 urd d | ||
| 040 |
_aBD-DhUL _cBD-DhUL |
||
| 082 |
_a891.431 _bANM |
||
| 100 | 0 | _aانیس ودبیر | |
| 245 | 1 |
_aمرثیوں کا مجموعہ (پانچ میرثیہ) / _cانیس ودبیر |
|
| 260 |
_a: _b، _c۔۱۹۳۳ |
||
| 300 |
_aص۔ ۱۷۹ ؛ _c۱۸ سم۔ |
||
| 650 | 0 | _aUrdu poetry | |
| 942 |
_2ddc _cBK |
||
| 999 |
_c241400 _d241400 |
||